Science Quiz

Random Science or Biology Quiz
Score 0/27 Timer 10:00
5 Plays Today
% Correct
Deltoid
88.3%
Biceps Brachii
86.7%
Gluteus maximus
83.2%
Triceps Brachii
83.2%
Trapezius
81.8%
Pectoralis major
71.4%
Latissimus dorsi
69.6%
Rectus abdominis
67%
Gastrocnemius
64.7%
Frontalis
62.6%
External oblique
61.6%
Soleus
60.1%
Temporalis
57.8%
Rectus femoris
57.4%
% Correct
Sartorius
57%
Sternocleidomastoid
53%
Biceps femoris
51.2%
Vastus medialis
50.9%
Vastus lateralis
50.6%
Occipitalis
50.1%
Tibialis anterior
49.3%
Gracilis
44.4%
Semitendinosus
41.7%
Brachioradialis
41.4%
Semimembranosus
41%
Serratus anterior
39.5%
Adductor magnus
32.3%
Remove Ads.
Support Sporcle.
Get the best of Sporcle when you Go Orange. This ad-free experience offers more features, more stats, and more fun while also helping to support Sporcle. Thank you for becoming a member.

You're not logged in!

Compare scores with friends on all Sporcle quizzes.
OR
Log In

Show Comments

Extras

Top Quizzes Today


Score Distribution

Your Account Isn't Verified!

In order to create a playlist on Sporcle, you need to verify the email address you used during registration. Go to your Sporcle Settings to finish the process.

Report this User

Report this user for behavior that violates our Community Guidelines.

Details: